Μετάβαση στο περιεχόμενο
VuFind
Γλώσσα
English
Deutsch
Español
Français
Italiano
日本語
Nederlands
Português
Português (Brasil)
中文(简体)
中文(繁體)
Türkçe
עברית
Gaeilge
Cymraeg
Ελληνικά
Català
Euskara
Русский
Čeština
Suomi
Svenska
polski
Dansk
slovenščina
اللغة العربية
বাংলা
Galego
Tiếng Việt
Hrvatski
हिंदी
Όλα τα πεδία
Τίτλος
Συγγραφέας
Θέμα
Ταξιθετικός Αριθμός
ISBN/ISSN
Ετικέτα
Αναζήτηση
Σύνθετη
Αναζήτηση
Annals of south African Museu...
Εμφάνιση παραπομπής
Αποστολή με email
Εκτύπωση
Αποθήκευση
Αποθήκευση σε RefWorks
Αποθήκευση σε EndNoteWeb
Αποθήκευση σε EndNote
permanent_link
Φορτώνει......
Annals of south African Museum
Λεπτομέρειες βιβλιογραφικής εγγραφής
Γλώσσα:
English
Τεκμήρια
Περιγραφή
Παρόμοια τεκμήρια
Λεπτομερής προβολή
LEADER
00207nam a22000857a 4500
005
20151028162629.0
008
110530t xxu||||| |||| 00| 0 eng d
245
|a
Annals of south African Museum
942
|c
BK
|6
_
999
|c
82854
|d
82854
Παρόμοια τεκμήρια
Annals of the South African Museum
Annals, South African Museum
Έκδοση: (1947)
Annals of the South African Museum Vol. XXXVIII
Έκδοση: (1950)
Annals
Έκδοση: (1890)
Annals
ανά: Tacitus
Έκδοση: (2012)
Φορτώνει......